<?xml version="1.0" encoding="UTF-8"?>
<collection xmlns="http://www.loc.gov/MARC21/slim">
 <record>
  <leader>01526nam a2200229Ia 4500</leader>
  <controlfield tag="001">CTU_137412</controlfield>
  <controlfield tag="008">210402s9999    xx            000 0 und d</controlfield>
  <datafield tag="020" ind1=" " ind2=" ">
   <subfield code="c">37000</subfield>
  </datafield>
  <datafield tag="082" ind1=" " ind2=" ">
   <subfield code="a">915.971304</subfield>
  </datafield>
  <datafield tag="082" ind1=" " ind2=" ">
   <subfield code="b">K600</subfield>
  </datafield>
  <datafield tag="245" ind1=" " ind2="0">
   <subfield code="a">Kỳ bí hồ Ba Bể =</subfield>
  </datafield>
  <datafield tag="245" ind1=" " ind2="4">
   <subfield code="b">The mysterious Babe lakes</subfield>
  </datafield>
  <datafield tag="245" ind1=" " ind2="0">
   <subfield code="c">Trọng Hòa kịch bản và đạo diễn ; Thanh Thủy biên tập ; Nguyễn Minn Đức gđsx</subfield>
  </datafield>
  <datafield tag="260" ind1=" " ind2=" ">
   <subfield code="a">Thành phố Hồ Chí Minh</subfield>
  </datafield>
  <datafield tag="260" ind1=" " ind2=" ">
   <subfield code="b">MFC Media-Film</subfield>
  </datafield>
  <datafield tag="260" ind1=" " ind2=" ">
   <subfield code="c">2007</subfield>
  </datafield>
  <datafield tag="520" ind1=" " ind2=" ">
   <subfield code="a">Kỳ bí Hồ Ba Bể nằm trong loạt phim Thắng cảnh đó đây. Từ câu chuyện cổ tích về Pò Già Mải qua những câu chuyện đường rừng đầy hấp dẫn và quyến rũ mê hoặc về một cái hồ nằm giữa núi non trùng điệp, Hồ Ba Bể ở tỉnh Bắc Cạn không chỉ nổi danh như một kỳ quan thiên nhiên mà còn là nguồn cảm hứng bất tận cho nghệ thuật… Chúng ta hãy cùng đến Hồ Ba Bể, qua những con đường Việt Bắc hùng vĩ, cùng thưởng món cơm lam đặc sản, cùng thả hồn trong chuyến dạo chơi đến với cõi thần tiên trên trần thế.</subfield>
  </datafield>
  <datafield tag="650" ind1=" " ind2=" ">
   <subfield code="a">Bắc Kạn, Việt Nam</subfield>
  </datafield>
  <datafield tag="650" ind1=" " ind2=" ">
   <subfield code="x">Mô tả và du hành</subfield>
  </datafield>
  <datafield tag="904" ind1=" " ind2=" ">
   <subfield code="i">Duy Bằng</subfield>
  </datafield>
  <datafield tag="915" ind1=" " ind2=" ">
   <subfield code="a">900</subfield>
  </datafield>
  <datafield tag="980" ind1=" " ind2=" ">
   <subfield code="a">Trung tâm Học liệu Trường Đại học Cần Thơ</subfield>
  </datafield>
 </record>
</collection>
